[Event "Titled Tuesday intern op 23rd Apr Late"]
[Site "Chess.com INT"]
[Date "2024.04.23"]
[Round "6"]
[White "Vila Dupla, Aurelio"]
[Black "Zacarias Martinez, Ruben David"]
[Result "0-1"]
[WhiteElo "2042"]
[BlackElo "2206"]
[PlyCount "84"]
[EventDate "2024.04.23"]
[EventType "swiss (blitz)"]
[EventRounds "11"]
[EventCountry "USA"]
[SourceTitle "CB18_2024"]
[SourceDate "2024.05.01"]
[SourceVersion "1"]
[SourceVersionDate "2024.05.01"]
[SourceQuality "2"]

1. Nf3 Nf6 2. d4 e6 3. g3 b5 4. Bg2 Bb7 5. 0-0 c5 6. c3 Be7 7. a4 b4 8. Nbd2 0-0 9. Re1 d5 10. c4 Nbd7 11. cxd5 Bxd5 12. e4 Bb7 13. e5 Nd5 14. Nb3 c4 15. Nbd2 Rc8 16. Ne4 a5 17. Bg5 Ba6 18. Bxe7 Qxe7 19. Nd6 Rc7 20. Qe2 Ra8 21. Nb5 Rc6 22. h4 Rb8 23. Ng5 Bxb5 24. axb5 Rxb5 25. Be4 Nf8 26. Qc2 h6 27. Nf3 Qc7 28. g4 b3 29. Qb1 c3 30. bxc3 Nxc3 31. Qd3 Nxe4 32. Qxe4 b2 33. Rab1 a4 34. Kg2 a3 35. g5 h5 36. g6 Nxg6 37. Ng5 a2 38. Rxb2 Rxb2 39. Qf3 Rcc2 40. Qxh5 Rxf2+ 41. Kh1 Qc2 42. Qh7+ Kf8 0-1

[Event "Titled Tuesday intern op 23rd Apr Late"]
[Site "Chess.com INT"]
[Date "2024.04.23"]
[Round "1"]
[White "Wadsworth, Matthew J"]
[Black "Zacarias Martinez, Ruben David"]
[Result "1-0"]
[WhiteElo "2469"]
[BlackElo "2206"]
[PlyCount "53"]
[EventDate "2024.04.23"]
[EventType "swiss (blitz)"]
[EventRounds "11"]
[EventCountry "USA"]
[SourceTitle "CB18_2024"]
[SourceDate "2024.05.01"]
[SourceVersion "1"]
[SourceVersionDate "2024.05.01"]
[SourceQuality "2"]

1. c4 Nf6 2. g3 g6 3. Bg2 Bg7 4. Nc3 0-0 5. d3 d6 6. e4 c5 7. Nge2 Nc6 8. 0-0 a6 9. h3 Rb8 10. a4 Ne8 11. Be3 b5 12. axb5 axb5 13. Nxb5 Bxb2 14. Rb1 Bg7 15. Qd2 Nc7 16. Nec3 Nd4 17. Nxc7 Rxb1 18. Rxb1 Qxc7 19. Nd5 Qa7 20. Bg5 f6 21. Be3 Bxh3 22. Bxd4 Bxg2 23. Bxc5 Qxc5 24. Nxe7+ Kf7 25. Rb7 Bf3 26. Nf5+ Ke8 27. Nxg7+ 1-0

[Event "Titled Tuesday intern op 23rd Apr Late"]
[Site "Chess.com INT"]
[Date "2024.04.23"]
[Round "5"]
[White "Zacarias Martinez, Ruben David"]
[Black "Lutz, Igor Oscar"]
[Result "1-0"]
[WhiteElo "2206"]
[BlackElo "1971"]
[PlyCount "45"]
[EventDate "2024.04.23"]
[EventType "swiss (blitz)"]
[EventRounds "11"]
[EventCountry "USA"]
[SourceTitle "CB18_2024"]
[SourceDate "2024.05.01"]
[SourceVersion "1"]
[SourceVersionDate "2024.05.01"]
[SourceQuality "2"]

1. e4 c5 2. Nf3 Nc6 3. Bb5 d6 4. 0-0 Bg4 5. c3 e5 6. d4 cxd4 7. cxd4 Bxf3 8. gxf3 Qb6 9. Nc3 a6 10. Nd5 Qd8 11. Qa4 axb5 12. Qxa8 Qxa8 13. Nc7+ Kd7 14. Nxa8 Nxd4 15. Kg2 Kc6 16. Be3 b6 17. Rac1+ Kb7 18. Nc7 Nf6 19. Bxd4 exd4 20. Nxb5 Be7 21. Rc7+ Ka6 22. a4 Re8 23. Ra7# 1-0

[Event "Titled Tuesday intern op 16th Apr Late"]
[Site "Chess.com INT"]
[Date "2024.04.16"]
[Round "9"]
[White "Marchesich, Giovanni"]
[Black "Zacarias Martinez, Ruben David"]
[Result "1-0"]
[WhiteElo "2226"]
[BlackElo "2206"]
[PlyCount "71"]
[EventDate "2024.04.16"]
[EventType "swiss (blitz)"]
[EventRounds "11"]
[EventCountry "USA"]
[SourceTitle "CB17_2024"]
[SourceDate "2024.04.24"]
[SourceVersion "1"]
[SourceVersionDate "2024.04.24"]
[SourceQuality "1"]

1. d4 Nf6 2. Nc3 d5 3. Bf4 c5 4. e3 cxd4 5. exd4 a6 6. Nf3 Nc6 7. Ne5 Bd7 8. Be2 e6 9. 0-0 Bb4 10. Bf3 0-0 11. Ne2 Rc8 12. c3 Be7 13. h4 b5 14. h5 h6 15. Kh1 b4 16. g4 Nh7 17. Qd2 bxc3 18. bxc3 Na5 19. Bg2 Bb5 20. Rg1 Bxe2 21. Qxe2 Rxc3 22. Qxa6 Nc4 23. Nxc4 Rxc4 24. Be3 Qa8 25. Qxc4 dxc4 26. Bxa8 Rxa8 27. a4 Nf6 28. a5 Ra6 29. Rgc1 Nxg4 30. Rxc4 Nf6 31. Rc8+ Kh7 32. Bd2 Nd5 33. Rb1 Bd6 34. Rb7 f5 35. Rd8 Nf6 36. Rb6 1-0

[Event "Titled Tuesday intern op 16th Apr Early"]
[Site "Chess.com INT"]
[Date "2024.04.16"]
[Round "2"]
[White "Shapiro, Viktor"]
[Black "Zacarias Martinez, Ruben David"]
[Result "1-0"]
[WhiteElo "2113"]
[BlackElo "2206"]
[PlyCount "101"]
[EventDate "2024.04.16"]
[EventType "swiss (blitz)"]
[EventRounds "11"]
[EventCountry "USA"]
[SourceTitle "CB17_2024"]
[SourceDate "2024.04.24"]
[SourceVersion "1"]
[SourceVersionDate "2024.04.24"]
[SourceQuality "1"]

1. c4 Nf6 2. Nc3 g6 3. g3 Bg7 4. Bg2 0-0 5. Nf3 d6 6. 0-0 e5 7. d3 Nc6 8. Rb1 a5 9. a3 Nd4 10. e3 Nf5 11. b4 axb4 12. axb4 c6 13. b5 Re8 14. bxc6 bxc6 15. Nd2 d5 16. cxd5 cxd5 17. Rb5 Be6 18. Nb3 Rb8 19. Rxb8 Qxb8 20. Nc5 Qb4 21. Nxe6 Qxc3 22. Nxg7 Kxg7 23. g4 Nh4 24. g5 Nh5 25. Bxd5 Rd8 26. Be4 Qc8 27. Bb2 Re8 28. f4 Qh3 29. Qe2 Kg8 30. Bxe5 Rc8 31. Ra1 Ng7 32. Ra8 Rxa8 33. Bxa8 Ngf5 34. Bd4 Nxd4 35. exd4 Nf5 36. Qe8+ Kg7 37. Qe5+ Kg8 38. Qe4 h6 39. gxh6 Nxh6 40. Qf3 Qc8 41. Be4 Ng4 42. h3 Nf6 43. f5 g5 44. d5 Qc1+ 45. Kg2 Qd2+ 46. Qf2 Qc3 47. Qe3 Kf8 48. Qxg5 Qc2+ 49. Kg3 Nd7 50. Qd8+ Kg7 51. Qxd7 1-0

[Event "Titled Tuesday intern op 16th Apr Late"]
[Site "Chess.com INT"]
[Date "2024.04.16"]
[Round "1"]
[White "Sumets, Andrey"]
[Black "Zacarias Martinez, Ruben David"]
[Result "1-0"]
[WhiteElo "2514"]
[BlackElo "2206"]
[PlyCount "59"]
[EventDate "2024.04.16"]
[EventType "swiss (blitz)"]
[EventRounds "11"]
[EventCountry "USA"]
[SourceTitle "CB17_2024"]
[SourceDate "2024.04.24"]
[SourceVersion "1"]
[SourceVersionDate "2024.04.24"]
[SourceQuality "1"]

1. e4 c5 2. Nf3 d6 3. d4 cxd4 4. Nxd4 Nf6 5. Nc3 Nc6 6. f3 e5 7. Nb3 Be7 8. Be3 0-0 9. Qd2 Be6 10. 0-0-0 a5 11. Bb5 Na7 12. Be2 Nc6 13. Na4 d5 14. Bb6 Qb8 15. Nbc5 Rc8 16. Nxe6 fxe6 17. Kb1 Bd8 18. g4 dxe4 19. fxe4 Nxe4 20. Qd7 Bf6 21. Qxe6+ Kh8 22. Bd3 Ng5 23. Qf5 Rf8 24. h4 g6 25. Qd7 Nf3 26. g5 Bg7 27. h5 e4 28. hxg6 Qe5 29. Rxh7+ Kg8 30. Bc4+ 1-0

[Event "Titled Tuesday intern op 16th Apr Late"]
[Site "Chess.com INT"]
[Date "2024.04.16"]
[Round "8"]
[White "Zacarias Martinez, Ruben David"]
[Black "Floresvillar Gonzalez, Luis Miguel"]
[Result "1/2-1/2"]
[WhiteElo "2206"]
[BlackElo "2019"]
[PlyCount "91"]
[EventDate "2024.04.16"]
[EventType "swiss (blitz)"]
[EventRounds "11"]
[EventCountry "USA"]
[SourceTitle "CB17_2024"]
[SourceDate "2024.04.24"]
[SourceVersion "1"]
[SourceVersionDate "2024.04.24"]
[SourceQuality "1"]

1. e4 c6 2. d4 d5 3. e5 c5 4. Nf3 Bg4 5. dxc5 Nc6 6. c3 e6 7. Be3 Bxf3 8. Qxf3 Nxe5 9. Bb5+ Nc6 10. 0-0 Nf6 11. c4 Be7 12. Nc3 0-0 13. cxd5 Nxd5 14. Nxd5 Qxd5 15. Qxd5 exd5 16. Rfd1 Rfd8 17. Rd2 d4 18. Bxc6 dxe3 19. Rxd8+ Rxd8 20. Bxb7 exf2+ 21. Kxf2 Bxc5+ 22. Ke2 Rb8 23. Rc1 Rxb7 24. Rxc5 Rxb2+ 25. Kf3 g6 26. Ra5 Rb7 27. g4 Kg7 28. g5 h6 29. h4 hxg5 30. hxg5 f6 31. Kf4 fxg5+ 32. Kxg5 Kf7 33. Ra6 Rb5+ 34. Kf4 Rb7 35. Kg5 Ke7 36. Rxg6 Rb5+ 37. Kf4 Ra5 38. Rg2 Kd6 39. Rc2 Kd5 40. Ke3 Ra3+ 41. Kd2 Kd4 42. Kc1 Kd3 43. Rh2 Kc3 44. Rh3+ Kb4 45. Rxa3 Kxa3 46. Kb1 1/2-1/2

[Event "Asuncion zt 2.5"]
[Site "Asuncion"]
[Date "2023.03.11"]
[Round "9"]
[White "Krysa, Leandro Sergio"]
[Black "Zacarias Martinez, Ruben David"]
[Result "1-0"]
[WhiteElo "2538"]
[BlackElo "2182"]
[PlyCount "69"]
[EventDate "2023.03.05"]
[EventType "swiss"]
[EventRounds "9"]
[EventCountry "PAR"]
[SourceTitle "CBM 213 Extra"]
[Source "ChessBase"]
[SourceDate "2023.05.31"]
[SourceVersion "1"]
[SourceVersionDate "2023.05.31"]
[SourceQuality "1"]

1. c4 Nf6 2. Nc3 e6 3. e4 d5 4. cxd5 exd5 5. e5 d4 6. exf6 dxc3 7. fxg7 cxd2+ 8. Bxd2 Bxg7 9. Bc4 0-0 10. Ne2 Nc6 11. 0-0 Ne5 12. Bb3 b6 13. Ng3 Bg4 14. f3 Qd4+ 15. Kh1 Rad8 16. Bc3 Qxd1 17. Raxd1 Bc8 18. Nh5 Bh8 19. h3 Ba6 20. Rxd8 Rxd8 21. Re1 Ng6 22. Nf6+ Kf8 23. Nxh7+ Kg8 24. Ng5 Bxc3 25. bxc3 Rd7 26. Nxf7 Kg7 27. Ng5 Nh4 28. Re8 Rd2 29. Rg8+ Kh6 30. Ne4 Rd7 31. g4 Nxf3 32. g5+ Kh5 33. Nf6+ Kh4 34. Nxd7 Kg3 35. Bd5 1-0

[Event "Asuncion zt 2.5"]
[Site "Asuncion"]
[Date "2023.03.10"]
[Round "8"]
[White "Zacarias Martinez, Ruben David"]
[Black "Hoffman, Alejandro"]
[Result "1-0"]
[WhiteElo "2182"]
[BlackElo "2359"]
[PlyCount "87"]
[EventDate "2023.03.05"]
[EventType "swiss"]
[EventRounds "9"]
[EventCountry "PAR"]
[SourceTitle "CBM 213 Extra"]
[Source "ChessBase"]
[SourceDate "2023.05.31"]
[SourceVersion "1"]
[SourceVersionDate "2023.05.31"]
[SourceQuality "1"]

1. e4 d6 2. d4 Nf6 3. Nc3 e5 4. Nf3 Nbd7 5. Bc4 Be7 6. a4 0-0 7. 0-0 a6 8. h3 b6 9. Qe2 c6 10. Rd1 Qc7 11. d5 c5 12. Nh4 g6 13. Bh6 Re8 14. Nf3 Nh5 15. Qe3 Bf8 16. Bf1 Rb8 17. Nd2 Bxh6 18. Qxh6 Ndf6 19. Ra3 Kh8 20. Rb3 Nf4 21. g3 Ng8 22. Qh4 Nh5 23. Nc4 Bd7 24. Ne3 Ra8 25. Nc4 Rab8 26. Ne3 Ra8 27. Be2 Ng7 28. f4 f6 29. Rf1 c4 30. Bxc4 Qc5 31. Ncd1 exf4 32. Qxf4 Bxh3 33. Re1 Bd7 34. Rc3 Nh5 35. Qf3 Qd4 36. Bd3 b5 37. a5 Re5 38. Nf2 Nxg3 39. Rc7 Rg5 40. Rxd7 Nxe4+ 41. Ng2 Nc5 42. Rf7 Qxb2 43. Qh3 Rh5 44. Qxh5 1-0

[Event "Asuncion zt 2.5"]
[Site "Asuncion"]
[Date "2023.03.08"]
[Round "6"]
[White "Zacarias Martinez, Ruben David"]
[Black "Garmendia Vega, Gabriel"]
[Result "1-0"]
[WhiteElo "2182"]
[BlackElo "2016"]
[PlyCount "85"]
[EventDate "2023.03.05"]
[EventType "swiss"]
[EventRounds "9"]
[EventCountry "PAR"]
[SourceTitle "CBM 213 Extra"]
[Source "ChessBase"]
[SourceDate "2023.05.31"]
[SourceVersion "1"]
[SourceVersionDate "2023.05.31"]
[SourceQuality "1"]

1. e4 c5 2. Nf3 d6 3. Bb5+ Nd7 4. 0-0 a6 5. Bd3 Ngf6 6. c3 b5 7. a4 Bb7 8. Re1 c4 9. Bc2 e6 10. d4 cxd3 11. Qxd3 Nc5 12. Qe2 bxa4 13. Bxa4+ Nxa4 14. Rxa4 Be7 15. Bg5 0-0 16. Nbd2 h6 17. Bh4 Qd7 18. Rea1 Rfb8 19. b3 d5 20. Bxf6 Bxf6 21. e5 Be7 22. Nd4 Rc8 23. Rc1 Rc7 24. Qd3 Rac8 25. f4 Bc5 26. Kh1 Bb6 27. N2f3 a5 28. h3 Rc5 29. f5 Bc6 30. Nxc6 R5xc6 31. f6 g6 32. Qd2 g5 33. Rg4 Kf8 34. Nxg5 Ke8 35. Nxf7 Qxf7 36. Qxh6 Bc5 37. Rg7 Bf8 38. Qh8 Rxc3 39. Rxc3 Rxc3 40. Rxf7 Kxf7 41. Qh5+ Kg8 42. Qg6+ Kh8 43. f7 1-0

[Event "Asuncion zt 2.5"]
[Site "Asuncion"]
[Date "2023.03.07"]
[Round "4"]
[White "Caceres Benitez, Fernando Israel"]
[Black "Zacarias Martinez, Ruben David"]
[Result "0-1"]
[WhiteElo "1686"]
[BlackElo "2182"]
[PlyCount "40"]
[EventDate "2023.03.05"]
[EventType "swiss"]
[EventRounds "9"]
[EventCountry "PAR"]
[SourceTitle "CBM 213 Extra"]
[Source "ChessBase"]
[SourceDate "2023.05.31"]
[SourceVersion "1"]
[SourceVersionDate "2023.05.31"]
[SourceQuality "1"]

1. e4 c5 2. Nf3 d6 3. d4 cxd4 4. Nxd4 Nf6 5. Nc3 Nc6 6. Bg5 e6 7. Qd3 a6 8. Nxc6 bxc6 9. 0-0-0 Be7 10. Qg3 Qa5 11. f4 h6 12. Qh3 Rb8 13. a3 Rg8 14. Bxf6 gxf6 15. Qd3 d5 16. g3 Kf8 17. Bg2 Kg7 18. Rhe1 Rxb2 19. Nb1 Ra2 20. Qb3 Bxa3+ 0-1

[Event "Florianopolis op 9th"]
[Site "Florianopolis"]
[Date "2023.01.28"]
[Round "9"]
[White "Jodorcovsky, Alejandro David"]
[Black "Zacarias Martinez, Ruben David"]
[Result "1/2-1/2"]
[WhiteElo "1808"]
[BlackElo "2176"]
[PlyCount "71"]
[EventDate "2023.01.23"]
[EventType "swiss"]
[EventRounds "10"]
[EventCountry "BRA"]
[SourceTitle "CBM 212 Extra"]
[Source "ChessBase"]
[SourceDate "2023.03.31"]
[SourceVersion "1"]
[SourceVersionDate "2023.03.31"]
[SourceQuality "1"]

1. e4 c5 2. Nc3 Nc6 3. Bb5 Nd4 4. Nf3 g6 5. Nxd4 cxd4 6. Ne2 Bg7 7. 0-0 a6 8. Ba4 e6 9. c3 b5 10. Bc2 e5 11. cxd4 exd4 12. d3 Ne7 13. Bb3 d5 14. f3 0-0 15. Bg5 Bb7 16. Qd2 Kh8 17. Bh6 Qb6 18. Bxg7+ Kxg7 19. Nf4 Rfd8 20. Qf2 a5 21. Qh4 Qf6 22. Qg3 Kh8 23. Rac1 a4 24. Bxd5 Bxd5 25. Nxd5 Nxd5 26. exd5 Rxd5 27. Rfe1 Rg5 28. Qh3 Qf4 29. Rc2 Re5 30. Re4 Rxe4 31. fxe4 Kg7 32. Qf3 Qe5 33. g3 Qe6 34. a3 Rc8 35. Qf2 Rxc2 36. Qxc2 1/2-1/2

[Event "Florianopolis op 9th"]
[Site "Florianopolis"]
[Date "2023.01.27"]
[Round "7"]
[White "Heinechen, John"]
[Black "Zacarias Martinez, Ruben David"]
[Result "0-1"]
[WhiteElo "1935"]
[BlackElo "2176"]
[PlyCount "56"]
[EventDate "2023.01.23"]
[EventType "swiss"]
[EventRounds "10"]
[EventCountry "BRA"]
[SourceTitle "CBM 212 Extra"]
[Source "ChessBase"]
[SourceDate "2023.03.31"]
[SourceVersion "1"]
[SourceVersionDate "2023.03.31"]
[SourceQuality "1"]

1. e4 c5 2. Nc3 Nc6 3. f4 g6 4. Nf3 Bg7 5. Bc4 e6 6. 0-0 Nge7 7. d4 cxd4 8. Nb5 d5 9. exd5 exd5 10. Bb3 Bg4 11. h3 Bxf3 12. Qxf3 0-0 13. f5 Nxf5 14. Bxd5 Ne5 15. Qb3 Qb6 16. Bf4 Rad8 17. Rae1 Ne3 18. Rxe3 dxe3 19. Bxe3 Qa5 20. Bxa7 b6 21. Rf4 Rd7 22. Ra4 Qe1+ 23. Kh2 Ng4+ 24. Rxg4 Qe5+ 25. Kh1 Rxd5 26. c4 Qe1+ 27. Kh2 Be5+ 28. Rg3 Rd1 0-1

[Event "Florianopolis op 9th"]
[Site "Florianopolis"]
[Date "2023.01.26"]
[Round "6"]
[White "Zacarias Martinez, Ruben David"]
[Black "Pontes, Israel Fellip"]
[Result "1/2-1/2"]
[WhiteElo "2176"]
[BlackElo "1947"]
[PlyCount "72"]
[EventDate "2023.01.23"]
[EventType "swiss"]
[EventRounds "10"]
[EventCountry "BRA"]
[SourceTitle "CBM 212 Extra"]
[Source "ChessBase"]
[SourceDate "2023.03.31"]
[SourceVersion "1"]
[SourceVersionDate "2023.03.31"]
[SourceQuality "1"]

1. e4 e5 2. Nf3 Nc6 3. d4 exd4 4. Nxd4 Bc5 5. Nb3 Bb6 6. Nc3 Nf6 7. Bg5 0-0 8. Qe2 h6 9. Bh4 d6 10. 0-0-0 Re8 11. f3 Be6 12. g4 a5 13. Na4 Ba7 14. Nbc5 Qc8 15. Bxf6 dxc5 16. Bh4 Nd4 17. Qg2 b5 18. Nc3 b4 19. Nb5 Nxb5 20. Bxb5 c6 21. Ba4 c4 22. Rhe1 Qb7 23. g5 h5 24. g6 Rac8 25. Qg5 fxg6 26. Qxg6 Qf7 27. Qxf7+ Kxf7 28. Rd6 Bb8 29. Rxc6 Rxc6 30. Bxc6 Rc8 31. Bb7 Rc7 32. Bd5 Bxd5 33. exd5 Rd7 34. Bg3 Bxg3 35. hxg3 Rxd5 36. Re4 Rf5 1/2-1/2

[Event "Florianopolis op 9th"]
[Site "Florianopolis"]
[Date "2023.01.25"]
[Round "4"]
[White "Zacarias Martinez, Ruben David"]
[Black "Mendez Machado, Andre"]
[Result "1-0"]
[WhiteElo "2176"]
[BlackElo "1986"]
[PlyCount "85"]
[EventDate "2023.01.23"]
[EventType "swiss"]
[EventRounds "10"]
[EventCountry "BRA"]
[SourceTitle "CBM 212 Extra"]
[Source "ChessBase"]
[SourceDate "2023.03.31"]
[SourceVersion "1"]
[SourceVersionDate "2023.03.31"]
[SourceQuality "1"]

1. e4 e5 2. Nf3 Nc6 3. d4 exd4 4. Nxd4 Bc5 5. Nb3 Bb6 6. Nc3 Nf6 7. Bg5 a5 8. a4 d6 9. Bb5 0-0 10. 0-0 Nb4 11. Kh1 h6 12. Bh4 g5 13. Bg3 Qe7 14. Bd3 Ng4 15. h3 Ne5 16. f4 gxf4 17. Bxf4 Qh4 18. Qd2 Ng4 19. Nd1 Nxd3 20. Qxd3 Ne5 21. Bxe5 dxe5 22. Kh2 Be6 23. Ne3 Rad8 24. Qe2 Qxe4 25. Rf3 Kh7 26. Raf1 f5 27. Nd2 Qd4 28. Nec4 e4 29. Rf4 Qg7 30. Nxb6 cxb6 31. Nxe4 Kh8 32. Ng3 Rg8 33. Nh5 Qg6 34. Qe5+ Kh7 35. Nf6+ Kh8 36. Nxg8+ Kxg8 37. R1f3 Kf7 38. Rg3 Qf6 39. Qc7+ Rd7 40. Qxb6 Qe5 41. Qe3 Qxb2 42. Rh4 Qxc2 43. Rxh6 1-0

[Event "Buenos Aires Vicente Lopez 24th"]
[Site "Buenos Aires"]
[Date "2022.10.31"]
[Round "1"]
[White "Zacarias Martinez, Ruben David"]
[Black "Acosta, Pablo Ismael"]
[Result "0-1"]
[WhiteElo "2189"]
[BlackElo "2461"]
[PlyCount "147"]
[EventDate "2022.10.31"]
[EventType "tourn"]
[EventRounds "9"]
[EventCountry "ARG"]
[SourceTitle "CBM 211 Extra"]
[Source "ChessBase"]
[SourceDate "2023.01.31"]
[SourceVersion "1"]
[SourceVersionDate "2023.01.31"]
[SourceQuality "1"]

1. e4 c5 2. Nf3 e6 3. g3 Nc6 4. Bg2 Nf6 5. Qe2 Be7 6. e5 Nd5 7. 0-0 d6 8. exd6 Qxd6 9. Na3 0-0 10. d3 Bf6 11. c3 b6 12. Bg5 Qd8 13. Bxf6 Qxf6 14. Nc4 Ba6 15. Nce5 Nxe5 16. Nxe5 Rad8 17. f4 Rd6 18. Rad1 Rfd8 19. Nc4 Bxc4 20. dxc4 Nc7 21. Rxd6 Rxd6 22. Rd1 Ne8 23. Rd3 h6 24. Be4 Qd8 25. h4 Nf6 26. Rxd6 Qxd6 27. Bf3 g5 28. hxg5 hxg5 29. Qe3 Kf8 30. Kf2 gxf4 31. gxf4 Ng8 32. Ke2 Ne7 33. Be4 f5 34. Bc2 Ng6 35. Kf3 Kf7 36. a3 Qc6+ 37. Kg3 Qh1 38. b4 Qh4+ 39. Kg2 Nxf4+ 40. Kg1 Qg4+ 41. Kf1 Qg2+ 42. Ke1 Qxc2 43. Qxf4 Qxc3+ 44. Ke2 cxb4 45. Qc7+ Kg6 46. axb4 Qxb4 47. Qg3+ Kf7 48. Qh4 Qb2+ 49. Kd3 Qb1+ 50. Kc3 Qc1+ 51. Kb4 Kg6 52. Qg3+ Qg5 53. Qd6 Qe3 54. Qd8 a5+ 55. Ka4 f4 56. Qg8+ Kf5 57. Qf7+ Ke5 58. Qg7+ Ke4 59. Qh7+ Kd4 60. Qd7+ Kc3 61. Qd1 f3 62. Qb3+ Kd2 63. Qb2+ Ke1 64. Qb1+ Ke2 65. Qb2+ Qd2 66. Qe5+ Kf1 67. Kb5 Qb4+ 68. Ka6 Qxc4+ 69. Ka7 f2 70. Qh2 Qe4 71. Qh3+ Kg1 72. Qg3+ Qg2 73. Qe3 b5 74. Qc1+ 0-1

[Event "Vicente Lopez ProAm 100 Years op"]
[Site "Buenos Aires"]
[Date "2022.10.17"]
[Round "8"]
[White "Axarlian, Carlos"]
[Black "Zacarias Martinez, Ruben David"]
[Result "1/2-1/2"]
[WhiteElo "2029"]
[BlackElo "2218"]
[PlyCount "143"]
[EventDate "2022.10.11"]
[EventType "swiss"]
[EventRounds "9"]
[EventCountry "ARG"]
[SourceTitle "CBM 210 Extra"]
[Source "ChessBase"]
[SourceDate "2022.11.30"]
[SourceVersion "1"]
[SourceVersionDate "2022.11.30"]
[SourceQuality "1"]

1. e4 c5 2. Nf3 d6 3. d4 cxd4 4. Nxd4 Nf6 5. Nc3 Nc6 6. Bg5 e6 7. Qd2 a6 8. 0-0-0 Bd7 9. f3 Nxd4 10. Qxd4 Be7 11. Kb1 0-0 12. h4 b5 13. g4 b4 14. Ne2 e5 15. Qf2 Be6 16. Ng3 g6 17. Bh6 Re8 18. h5 Bf8 19. Bc1 Qc7 20. g5 Nd7 21. Bh3 Nc5 22. Bxe6 Nxe6 23. Rh2 Nd4 24. Rdh1 Re7 25. Be3 Nb5 26. hxg6 fxg6 27. Qd2 Qc4 28. b3 Nc3+ 29. Kb2 Qc7 30. Ne2 Rc8 31. Ka1 Rf7 32. Qd3 a5 33. Nc1 a4 34. f4 d5 35. exd5 e4 36. Qa6 Bg7 37. Rxh7 Nb5+ 38. Rxg7+ Kxg7 39. c4 axb3 40. Qxb5 b2+ 41. Kxb2 Qxc4 42. Qxc4 Rxc4 43. Nb3 Kf8 44. Rh6 Rf5 45. d6 Kf7 46. Nd4 Rd5 47. Rh7+ Kg8 48. Rc7 Rcxd4 49. Bxd4 Rxd4 50. d7 Kf8 51. f5 e3 52. fxg6 e2 53. g7+ Kg8 54. Rc8+ Kxg7 55. Re8 Rxd7 56. Rxe2 Kg6 57. Re5 Rb7 58. Kb3 Rb8 59. Ka4 Rb7 60. Rb5 Ra7+ 61. Kb3 Ra3+ 62. Kb2 Ra4 63. Re5 Ra7 64. Rb5 Ra4 65. Kb1 Kh5 66. Rf5 Kg6 67. Rf2 Kxg5 68. Kb2 Ra3 69. Rc2 Kf5 70. Re2 Kf6 71. Re8 Kf5 72. Re1 1/2-1/2

[Event "Vicente Lopez ProAm 100 Years op"]
[Site "Buenos Aires"]
[Date "2022.10.16"]
[Round "6"]
[White "Fernandez, Pablo"]
[Black "Zacarias Martinez, Ruben David"]
[Result "0-1"]
[WhiteElo "1616"]
[BlackElo "2218"]
[PlyCount "60"]
[EventDate "2022.10.11"]
[EventType "swiss"]
[EventRounds "9"]
[EventCountry "ARG"]
[SourceTitle "CBM 210 Extra"]
[Source "ChessBase"]
[SourceDate "2022.11.30"]
[SourceVersion "1"]
[SourceVersionDate "2022.11.30"]
[SourceQuality "1"]

1. d4 Nf6 2. Nf3 e6 3. c4 Bb4+ 4. Nbd2 b6 5. a3 Bxd2+ 6. Qxd2 Bb7 7. e3 0-0 8. Be2 d6 9. b3 Nbd7 10. Bb2 Ne4 11. Qc2 f5 12. 0-0 Rf6 13. d5 Rg6 14. Nd4 Qg5 15. g3 Nf8 16. dxe6 Nxe6 17. Nxe6 Rxe6 18. Bf3 Rh6 19. Bg2 Re8 20. Qe2 Ree6 21. Bxe4 fxe4 22. Kg2 Rh5 23. Rh1 Reh6 24. h3 Bc8 25. h4 Rxh4 26. Rxh4 Rxh4 27. f4 Qg6 28. Rg1 Rh3 29. Qf2 Rh2+ 30. Kxh2 Qh5+ 0-1

[Event "Vicente Lopez ProAm 100 Years op"]
[Site "Buenos Aires"]
[Date "2022.10.16"]
[Round "7"]
[White "Zacarias Martinez, Ruben David"]
[Black "Adam, Ernestina"]
[Result "1-0"]
[WhiteElo "2218"]
[BlackElo "1740"]
[PlyCount "23"]
[EventDate "2022.10.11"]
[EventType "swiss"]
[EventRounds "9"]
[EventCountry "ARG"]
[SourceTitle "CBM 210 Extra"]
[Source "ChessBase"]
[SourceDate "2022.11.30"]
[SourceVersion "1"]
[SourceVersionDate "2022.11.30"]
[SourceQuality "1"]

1. e4 c5 2. Nf3 d6 3. d4 cxd4 4. Nxd4 Nf6 5. Nc3 a6 6. h3 e5 7. Nde2 h5 8. Bg5 Be6 9. Bxf6 Qxf6 10. Nd5 Bxd5 11. Qxd5 Nc6 12. Nc3 1-0

[Event "Vicente Lopez ProAm 100 Years op"]
[Site "Buenos Aires"]
[Date "2022.10.11"]
[Round "1"]
[White "Zacarias Martinez, Ruben David"]
[Black "Shon, Mariano"]
[Result "1-0"]
[WhiteElo "2218"]
[BlackElo "1669"]
[PlyCount "71"]
[EventDate "2022.10.11"]
[EventType "swiss"]
[EventRounds "9"]
[EventCountry "ARG"]
[SourceTitle "CBM 210 Extra"]
[Source "ChessBase"]
[SourceDate "2022.11.30"]
[SourceVersion "1"]
[SourceVersionDate "2022.11.30"]
[SourceQuality "1"]

1. e4 e5 2. Nf3 d5 3. Nxe5 dxe4 4. Bc4 Qg5 5. d4 Qxg2 6. Rf1 Be6 7. Qe2 Nf6 8. Bxe6 fxe6 9. Qc4 Nbd7 10. Qxe6+ Be7 11. Nxd7 Nxd7 12. Nc3 Nf6 13. Bf4 Qg4 14. Qxg4 Nxg4 15. Nxe4 0-0-0 16. 0-0-0 Rhf8 17. Bg3 h5 18. h3 Nh6 19. Be5 Nf5 20. Rg1 Rg8 21. Rg6 Nd6 22. Nc5 Bf6 23. f4 Bxe5 24. fxe5 Nf5 25. c3 b6 26. Ne6 Rd7 27. Rf1 Ne3 28. Rf3 Nd5 29. Rfg3 Rf7 30. Rxg7 Rgxg7 31. Rxg7 Rxg7 32. Nxg7 Nf4 33. Kd2 Nxh3 34. Nxh5 Kd7 35. Ke3 Ke6 36. Nf4+ 1-0

[Event "Titled Tuesday intern op 08th Feb Early"]
[Site "Chess.com INT"]
[Date "2022.02.08"]
[Round "2"]
[White "Zacarias Martinez, Ruben David"]
[Black "Bernadskiy, Vitaliy"]
[Result "0-1"]
[WhiteElo "2174"]
[BlackElo "2601"]
[PlyCount "108"]
[EventDate "2022.02.08"]
[EventType "swiss (blitz)"]
[EventRounds "11"]
[EventCountry "USA"]
[SourceTitle "CBM 206 Extra"]
[Source "ChessBase"]
[SourceDate "2022.03.31"]
[SourceVersion "1"]
[SourceVersionDate "2022.03.31"]
[SourceQuality "1"]

1. e4 e6 2. d4 d5 3. e5 Bd7 4. c4 dxc4 5. Bxc4 Bc6 6. Nf3 Nd7 7. 0-0 Nb6 8. Bb3 Ne7 9. Nc3 Nf5 10. Be3 Be7 11. Bc2 0-0 12. Be4 Bxe4 13. Nxe4 Nd5 14. Bd2 Qd7 15. Ng3 Nxg3 16. hxg3 Rfd8 17. Rc1 Rac8 18. Qe2 Qa4 19. a3 h6 20. g4 c5 21. dxc5 Qxg4 22. b4 b6 23. c6 Nc7 24. Bc3 Bg5 25. Rcd1 Nd5 26. Rxd5 Rxd5 27. b5 Qa4 28. Rb1 Qxa3 29. Nxg5 Qxc3 30. Nf3 Rcd8 31. g3 g5 32. Kg2 Qd3 33. Qxd3 Rxd3 34. Ra1 R3d5 35. Rxa7 Rxb5 36. Rb7 Rc8 37. c7 Rc5 38. Nd4 R8xc7 39. Rxb6 Rxe5 40. Rb8+ Kg7 41. Nb5 Rd7 42. Rb6 h5 43. Nd6 Rxd6 44. Rxd6 g4 45. Rd4 Rd5 46. Re4 Kg6 47. Rb4 f5 48. Rb7 e5 49. Rb6+ Kg5 50. Rb8 f4 51. Rg8+ Kh6 52. gxf4 exf4 53. Rf8 Kg5 54. Rg8+ Kh4 0-1